| 000 | 00707nam a2200229Ia 4500 | ||
|---|---|---|---|
| 001 | 25902 | ||
| 003 | 88638 | ||
| 005 | 20251008062550.0 | ||
| 008 | ||||||n9999 ||| || || | ||
| 041 | _aspa | ||
| 110 |
_aCentro Internacional de Estudios Empresariales _934405 |
||
| 245 | 0 | _aControl presupuestal | |
| 260 |
_aBogotá : _bEscuela Superior de Administración Pública.Centro de Investigaciones en Administración Pública-CINAP, _c1981. |
||
| 300 | _a185p | ||
| 562 | _e1 | ||
| 650 |
_aCONTROL GERENCIAL _916329 |
||
| 650 | 0 |
_aEmpresas _96263 |
|
| 650 |
_aPLANIFICACION A CORTO PLAZO _928520 |
||
| 650 |
_aPLANIFICACION A LARGO PLAZO _916321 |
||
| 650 | 0 |
_aPresupuesto _96287 |
|
| 942 | _cDOC | ||
| 999 |
_c25902 _d25902 |
||